Luật phòng cháy và chữa cháy

Luật phòng cháy và chữa cháy gồm: Những qui định chung, phòng cháy, chữa cháy. Tổ chức lực lượng phòng cháy và chữa cháy. Phương tiện, đầu tư cho hoạt động phòng cháy chữa cháy. Quản lý nhà nước về phòng cháy - chữa cháy. Khen thưởng, xử lý vi phạm và điều khoản thi hành....

Täydet tiedot

Tallennettuna:
Bibliografiset tiedot
Yhteisötekijä: Việt Nam (CHXHCN). Luật lệ và sắc lệnh
Aineistotyyppi: Kirja
Kieli:Vietnamese
Julkaistu: H. Chính trị Quốc gia 2005
Aiheet:
Tagit: Lisää tagi
Ei tageja, Lisää ensimmäinen tagi!
Thư viện lưu trữ: Mạng thư viện Đại học Đà Nẵng
LEADER 01475nam a2200349 4500
001 000007284
003 3445
005 20111101101145.0
008 110928s2005 viesd
020 |c 3600đ 
041 0 |a vie 
082 |a 344.5970537  |b Luâ 
110 |a Việt Nam (CHXHCN). Luật lệ và sắc lệnh 
245 0 |a Luật phòng cháy và chữa cháy 
260 |a H.  |b Chính trị Quốc gia  |c 2005 
300 |a 45 tr.  |c 19 cm. 
520 |a Luật phòng cháy và chữa cháy gồm: Những qui định chung, phòng cháy, chữa cháy. Tổ chức lực lượng phòng cháy và chữa cháy. Phương tiện, đầu tư cho hoạt động phòng cháy chữa cháy. Quản lý nhà nước về phòng cháy - chữa cháy. Khen thưởng, xử lý vi phạm và điều khoản thi hành. 
653 |a Pháp luật 
653 |a Phòng cháy chữa cháy 
653 |a Văn bản pháp luật 
653 |a Việt Nam 
910 |a Huỳnh Thị Cẩm Lai  |d 28/09/2011 
OWN |a LSP 
AVA |a UDN50  |b LSP  |d 344.5970537 Luâ  |e available  |t Error 5001 Not defined in file expand_doc_bib_avail.  |f 2  |g 0  |h N  |i 0  |k 1 
999 |a From the UDN01 
AVA |a UDN50  |b LSP  |d 344.5970537 Luâ  |e available  |t Error 5001 Not defined in file expand_doc_bib_avail.  |f 2  |g 0  |h N  |i 0  |k 1 
TYP |a Monograph 
TYP |a Printed language 
980 |a Mạng thư viện Đại học Đà Nẵng